| 000 | 00430nam a2200181Ia 4500 | ||
|---|---|---|---|
| 001 | 10646 | ||
| 003 | IN-NITTTR | ||
| 005 | 20251114233059.0 | ||
| 008 | 251113s9999||||xx |||||||||||||| ||eng|| | ||
| 040 | _beng | ||
| 040 | _cIN-NITTTR | ||
| 041 | _aeng | ||
| 082 | _a651.84 H127C | ||
| 100 | _aHaine, Peter | ||
| 245 | 0 |
_aComputers in business. / _cHaine, Peter, Haidon, Ernest |
|
| 700 | _a Haidon, Ernest | ||
| 942 |
_2ddc _cBK |
||
| 999 |
_c13283 _d13283 |
||